Top 10 Highest Grossing Films of 1959 - Statistics

General Stats
  • This quiz has been taken 11 times
  • The average score is 4 of 10
Answer Stats
# Film $ Grossed % Correct
1 Ben-Hur $74.70M
91%
8 North by Northwest $13.28M
82%
3 Some Like It Hot $25.00M
64%
10 Rio Bravo $12.54M
55%
2 Sleeping Beauty $51.60M
36%
4 Operation Petticoat $23.30M
9%
5 Pillow Talk $18.75M
9%
7 Suddenly, Last Summer $13.90M
9%
9 The Nun's Story $12.80M
9%
6 Imitation of Life $13.99M
0%
No matching quizzes found
Score Distribution
Percent of People with Each Score
Percentile by Number Answered
Your Score History
You have not taken this quiz